Startformationen der UEFA-Pokal-Sieger 2000 - 2009 - Statistiken

Allgemein
  • Dieses Quiz wurde 71 mal gespielt
  • Das Durchschnittsergebnis liegt bei 18 aus 120
Antwortstatistiken
Jahr: Verein Position Nationalität Name % Korrekt
2003: FC Porto Trainer POR José Mourinho
75%
2001: FC Liverpool MF GER Dietmar Hamann
73%
2001: FC Liverpool MF ENG Steven Gerrard
67%
2001: FC Liverpool ST ENG Michael Owen
64%
2001: FC Liverpool V FIN Sami Hyypiä
58%
2003: FC Porto MF POR Deco
51%
2000: Galatasaray Istanbul ST TUR Hakan Şükür
49%
2001: FC Liverpool V GER Markus Babbel
45%
2000: Galatasaray Istanbul MF ROM Gheorghe Hagi
42%
2004: FC Valencia TW ESP Santiago Cañizares
42%
2001: FC Liverpool V ENG Jamie Carragher
38%
2003: FC Porto TW POR Vitor Baía
38%
2005: ZSKA Moskau MF BRA Daniel Carvalho
35%
2003: FC Porto V POR Ricardo Carvalho
35%
2003: FC Porto MF POR Maniche
33%
2000: Galatasaray Istanbul TW BRA Cláudio Taffarel
31%
2001: FC Liverpool ST ENG Emile Heskey
29%
2001: FC Liverpool Trainer FRA Gérard Houllier
29%
2006: FC Sevilla | 2007: FC Sevilla ST BRA Luís Fabiano
29%
2002: Feyenoord Rotterdam MF NED Robin van Persie
29%
2009: Schachtar Donezk V CRO Darijo Srna
27%
2002: Feyenoord Rotterdam ST DEN Jon Dahl Tomasson
27%
2003: FC Porto V POR Jorge Costa
27%
2006: FC Sevilla | 2007: FC Sevilla Trainer ESP Juande Ramos
27%
2004: FC Valencia Trainer ESP Rafael Benítez
27%
2000: Galatasaray Istanbul Trainer TUR Fatih Terim
25%
2003: FC Porto V POR Paulo Ferreira
24%
2004: FC Valencia V ARG Roberto Ayala
24%
2008: Zenit St. Petersburg Trainer NED Dick Advocaat
22%
2009: Schachtar Donezk ST BRA Luiz Adriano
22%
2008: Zenit St. Petersburg ST RUS Andrei Arschawin
20%
2007: FC Sevilla ST MLI Frédéric Kanouté
20%
2001: FC Liverpool V SUI Stéphane Henchoz
20%
2005: ZSKA Moskau ST BRA Vágner Love
20%
2005: ZSKA Moskau ST CRO Ivica Olić
16%
2004: FC Valencia MF ESP Rubén Baraja
16%
2002: Feyenoord Rotterdam Trainer NED Bert van Marwijk
15%
2003: FC Porto MF POR Costinha
15%
2006: FC Sevilla | 2007: FC Sevilla V BRA Dani Alves
15%
2003: FC Porto ST POR Derlei
15%
2000: Galatasaray Istanbul V ROM Gheorghe Popescu
15%
2002: Feyenoord Rotterdam ST NED Pierre van Hooijdonk
15%
2001: FC Liverpool TW NED Sander Westerveld
15%
2002: Feyenoord Rotterdam MF JAP Shinji Ono
15%
2008: Zenit St. Petersburg MF UKR Anatolij Tymoschtschuk
13%
2009: Schachtar Donezk TW UKR Andrij Pjatow
13%
2009: Schachtar Donezk Trainer ROM Mircea Lucescu
13%
2006: FC Sevilla | 2007: FC Sevilla TW ESP Andrés Palop
11%
2007: FC Sevilla MF DEN Christian Poulsen
11%
2001: FC Liverpool MF SCO Gary McAllister
11%
2006: FC Sevilla MF ESP Jesús Navas
11%
2003: FC Porto V POR Nuno Valente
11%
2009: Schachtar Donezk MF BRA Willian
11%
2004: FC Valencia V ESP Curro Torres
9%
2004: FC Valencia MF ESP David Albelda
9%
2009: Schachtar Donezk MF BRA Fernandinho
9%
2005: ZSKA Moskau TW RUS Igor Akinfejew
9%
2005: ZSKA Moskau V RUS Juri Schirkow
9%
2002: Feyenoord Rotterdam MF NED Paul Bosvelt
9%
2005: ZSKA Moskau V RUS Sergei Ignaschewitsch
9%
2000: Galatasaray Istanbul MF TUR Ümit Davala
9%
2004: FC Valencia MF ESP Vicente
9%
2004: FC Valencia V ITA Amadeo Carboni
7%
2001: FC Liverpool MF ENG Danny Murphy
7%
2006: FC Sevilla | 2007: FC Sevilla MF ITA Enzo Maresca
7%
2004: FC Valencia MF ESP Francisco Rufete
7%
2006: FC Sevilla V FRA Julien Escudé
7%
2000: Galatasaray Istanbul MF TUR Okan Buruk
7%
2009: Schachtar Donezk V ROM Răzvan Raț
7%
2005: ZSKA Moskau V RUS Alexei Beresuzki
5%
2002: Feyenoord Rotterdam MF CIV Bonaventure Kalou
5%
2000: Galatasaray Istanbul V TUR Bülent Korkmaz
5%
2002: Feyenoord Rotterdam V GHA Christian Gyan
5%
2006: FC Sevilla V ESP David
5%
2003: FC Porto MF RUS Dmitri Alenitschew
5%
2004: FC Valencia ST ESP Miguel Àngel Angulo
5%
2004: FC Valencia ST ESP Mista
5%
2002: Feyenoord Rotterdam V NED Patrick Paauwe
5%
2005: ZSKA Moskau V RUS Wassili Beresuzki
5%
2000: Galatasaray Istanbul ST TUR Arif Erdem
4%
2000: Galatasaray Istanbul V BRA Capone
4%
2004: FC Valencia V ESP Carlos Machena
4%
2002: Feyenoord Rotterdam TW NED Edwin Zoetebier
4%
2009: Schachtar Donezk MF BRA Jádson
4%
2006: FC Sevilla ST ARG Javier Saviola
4%
2006: FC Sevilla | 2007: FC Sevilla MF ESP José Luis Martí
4%
2002: Feyenoord Rotterdam V NED Kees van Wonderen
4%
2003: FC Porto ST POR Nuno Capucho
4%
2000: Galatasaray Istanbul MF TUR Suat Kaya
4%
2002: Feyenoord Rotterdam V POL Tomasz Rząsa
4%
2008: Zenit St. Petersburg TW RUS Wjatscheslaw Malafejew
4%
2006: FC Sevilla | 2007: FC Sevilla MF BRA Adriano Correia
2%
2008: Zenit St. Petersburg V RUS Alexander Anjukow
2%
2007: FC Sevilla V ESP Antonio Puerta
2%
2005: ZSKA Moskau MF NIG Chidi Odiah
2%
2009: Schachtar Donezk V UKR Dmytro Tschyhrynskyj
2%
2005: ZSKA Moskau MF BIH Elvir Rahimić
2%
2000: Galatasaray Istanbul V TUR Ergün Penbe
2%
2008: Zenit St. Petersburg ST TUR Fatih Tekke
2%
2008: Zenit St. Petersburg MF RUS Igor Denissow
2%
2009: Schachtar Donezk MF BRA Ilsinho
2%
2007: FC Sevilla V SRB Ivica Dragutinović
2%
2008: Zenit St. Petersburg V CRO Ivica Križanac
2%
2006: FC Sevilla | 2007: FC Sevilla V ESP Javi Navarro
2%
2005: ZSKA Moskau MF RUS Jewgeni Aldonin
2%
2008: Zenit St. Petersburg MF RUS Konstantin Syrjanow
2%
2009: Schachtar Donezk MF POL Mariusz Lewandowski
2%
2009: Schachtar Donezk V UKR Oleksandr Kutscher
2%
2008: Zenit St. Petersburg V CZE Radek Šírl
2%
2008: Zenit St. Petersburg V RUS Roman Schirokow
2%
2005: ZSKA Moskau Trainer RUS Waleri Gassajew
2%
2008: Zenit St. Petersburg ST RUS Wiktor Faisulin
2%
Keine übereinstimmenden Quizze gefunden
Verteilung der Resultate
Anzahl Personen mit jedem Resultat
Perzentil nach korrekt beantworteten Fragen
Ihre Resultats-Entwicklung
Sie haben dieses Quiz noch nicht gespielt